<?xml version="1.0" encoding="UTF-8"?>
<marc:record xmlns:marc="http://www.loc.gov/MARC21/slim">
   <marc:leader>00000nam a2200000 a 4500</marc:leader>
   <marc:datafield ind1="1" ind2=" " tag="100">
      <marc:subfield code="a">Boehme, Julia</marc:subfield>
      <marc:subfield code="4">aut</marc:subfield>
      <marc:subfield code="e">Verfasser/-in</marc:subfield>
   </marc:datafield>
   <marc:datafield ind1="1" ind2=" " tag="100">
      <marc:subfield code="a">Albrecht, Herdis</marc:subfield>
   </marc:datafield>
   <marc:datafield ind1="0" ind2="0" tag="245">
      <marc:subfield code="a">Conni und die Jungs von nebenan</marc:subfield>
   </marc:datafield>
   <marc:datafield ind1="0" ind2="0" tag="245">
      <marc:subfield code="c">Julia Boehme</marc:subfield>
   </marc:datafield>
   <marc:datafield ind1=" " ind2="1" tag="264">
      <marc:subfield code="a">Hamburg</marc:subfield>
      <marc:subfield code="b">Carlsen</marc:subfield>
      <marc:subfield code="c">2007</marc:subfield>
   </marc:datafield>
   <marc:datafield ind1="1" ind2=" " tag="490">
      <marc:subfield code="a">Meine Freundin Conni</marc:subfield>
      <marc:subfield code="v">09</marc:subfield>
   </marc:datafield>
   <marc:datafield ind1="1" ind2=" " tag="520">
      <marc:subfield code="a">Die Jungs vom Titel wohnen keinesfalls bei Conni nebenan. Dort wohnt nämlich Nachbar Herrmann, der ein Fan von Koi-Karpfen ist. Nein, die 4 munteren Knaben wohnen in Klausendorf, wo Connis Freundin Annika auf einem Bauernhof lebt. Und dort dürfen die Mädchen zusammen mit Connis beiden Schulfreundinnen zelten. Das verspricht eine tolle Sache zu werden - doch die Jungs haben fest vor, ihnen den Spaß gründlich zu verderben. Aber die Mädels sind natürlich auch nicht dumm und wissen sich zu helfen. Am Ende herrscht nach einigen, auch Wetter-, Kapriolen nicht nur Waffenstillstand, der eine oder andere Junge erscheint den Mädchen nun "voll süß" und die Freude auf ein Wiedersehen ist auf beiden Seiten groß.</marc:subfield>
   </marc:datafield>
   <marc:datafield ind1=" " ind2=" " tag="020">
      <marc:subfield code="a">9783551552891</marc:subfield>
      <marc:subfield code="9">9783551552891</marc:subfield>
   </marc:datafield>
   <marc:datafield ind1=" " ind2=" " tag="020">
      <marc:subfield code="a">3551552894</marc:subfield>
      <marc:subfield code="9">3551552894</marc:subfield>
   </marc:datafield>
   <marc:datafield ind1=" " ind2=" " tag="300">
      <marc:subfield code="a">94 S. : Ill.</marc:subfield>
   </marc:datafield>
</marc:record>
